000 01509nam a22004210a 4500
001 PT20663
003 AR-LpoUNG
005 20260115102100.0
008 191001s2005||||ag |||||||||||||||||spa d
020 _a987574011x
_c$9
040 _aAR-LpoUNG
_bspa
_cAR-LpoUNG
_eaacr
041 _aspa
044 _aag
082 0 _a331.13 388mer
100 1 _aBeccaria, Luis
_eed.
245 1 0 _aMercado de trabajo y equidad en Argentina
250 _a1ra. ed.
260 _aBuenos Aires :
_bPrometeo - Universidad Nacional de General Sarmiento,
_c2005.
300 _a269 p. :
_bgráfs., tbls.
520 _aEstudia la interrelación entre la evolución del empleo, las remuneraciones, la distribución del ingreso y la situación social. Analiza, desde diversas perspectivas, cómo el desempleo y la precariedad laboral crecientes estuvieron asociados a una dinámica insatisfactoria de los recursos a los que podían acceder los hogares, especialmente aquellos con menores grados de calificación.
650 4 _aDEMANDA DE MANO DE OBRA
650 4 _aDESEMPLEO
650 4 _aECONOMIA
650 4 _aECONOMIA DEL TRABAJO
650 4 _aEMPLEO
650 4 _aESTUDIOS ECONOMICOS
650 4 _aGLOBALIZACION
650 4 _aPOLITICA DE EMPLEO
650 4 _aPOLITICA SALARIAL
650 4 _aPRIVATIZACION
650 4 _aREFORMA ECONOMICA
650 4 _aSALARIOS
651 4 _aArgentina
653 0 _aCONVERTIBILIDAD
700 1 _aMaurizio, Roxana
_eed.
905 _a20663
942 _cLIB
_2ddc
999 _c18241
_d18241